Jak počítá počítač /

Hlavní autor: Sokol, Jan, 1936-2021
Jazyk: Čeština
Vydáno: Praha : Státní nakladatelství technické literatury, 1979
Vydání: 2., nezm. vyd.
Edice: Populární kybernetika
Řada elektrotechnické literatury
Témata:
Externí odkaz: Digitalizovaný dokument
Fyzický popis: 110 s.
Knihy
Uloženo v:
LEADER 01331nam a22003372a 4500
001 000417119
003 CZ BrMZK
005 20120523100828.0
007 ta
008 990307s1979 xr f cze d
015 |a cnb000160390 
035 |a (OCoLC)42156202 
040 |a BOA001  |b cze 
080 9 |a 681.3.06 
100 1 |a Sokol, Jan,  |d 1936-2021  |7 jk01120341  |4 aut 
245 1 0 |a Jak počítá počítač /  |c Jan Sokol 
250 |a 2., nezm. vyd. 
260 |a Praha :  |b Státní nakladatelství technické literatury,  |c 1979 
300 |a 110 s. 
490 1 |a Populární kybernetika ;  |v sv. 1 
490 1 |a Řada elektrotechnické literatury 
830 0 |a Populární kybernetika 
830 0 |a Řada elektrotechnické literatury  |0 s 
856 4 1 |u http://www.digitalniknihovna.cz/mzk/uuid/uuid:8d21ba70-b311-11e2-8b87-005056827e51  |y Digitalizovaný dokument  |x NDK 
910 |a BOA001  |b PK-0080.184-79  |b 2-0772.490-79 
920 |a 000183065 
964 |a Počítače - výklady populární 
990 |a BK 
996 7 |b 2619742313  |c 2-0772.490-79  |l MZK  |r Sklad / do 1 hodiny  |n 9  |w 000417119  |u 000030  |a 1  |e BOA001  |j MZK50  |s A 
996 7 |b 2619809910  |c 2-0772.490-79  |l MZK  |r Sklad / do 1 hodiny  |n 4  |w 000417119  |u 000020  |a 1  |e BOA001  |j MZK50  |s A 
996 7 |b 3119824510  |c PK-0080.184-79  |l MZK  |r Sklad / do 1 hodiny  |n 6  |w 000417119  |u 000010  |a 1  |e BOA001  |j MZK50  |s A